000 00562nam a22001937a 4500
008 151022b xxu||||| |||| 00| 0 eng d
020 _a9780495095804
020 _a049509580X
041 0 _aeng
080 _a316.77
100 1 _aAdler, Ronald B.
245 1 0 _aLooking out/looking in /
_cRonald B. Adler, Russell F. Proctor II.
250 _a12th ed.
260 _aAustralia ;
_aBelmont, CA ;
_bThomson/Wadsworth,
_c2007.
300 _axvi, 457 f. :
_bme il.;27 cm.
650 0 _aKomunikimi ndërpersonal
700 1 _aProctor, Russell F.
942 _2udc
_cBK
999 _c1333
_d1333